<?xml version="1.0" encoding="UTF-8"?>
<record
    xmlns:xsi="http://www.w3.org/2001/XMLSchema-instance"
    xsi:schemaLocation="http://www.loc.gov/MARC21/slim http://www.loc.gov/standards/marcxml/schema/MARC21slim.xsd"
    xmlns="http://www.loc.gov/MARC21/slim">

  <leader>00841nam a2200205 i 4500</leader>
  <controlfield tag="001">68855</controlfield>
  <controlfield tag="003">ES-MaACL</controlfield>
  <controlfield tag="005">20250820124046.0</controlfield>
  <controlfield tag="007">t|</controlfield>
  <controlfield tag="008">960830s1829    fr           ||||1| fre d</controlfield>
  <datafield tag="040" ind1=" " ind2=" ">
    <subfield code="a">CAM </subfield>
    <subfield code="b">spa </subfield>
    <subfield code="c">CAM</subfield>
  </datafield>
  <datafield tag="100" ind1="1" ind2=" ">
    <subfield code="a">Giroud, Henri.</subfield>
    <subfield code="9">57310</subfield>
  </datafield>
  <datafield tag="245" ind1="1" ind2="0">
    <subfield code="a">Tables de sinus naturels pour la lev&#xE9;e des plans de mines et pour faciliter qualques op&#xE9;rations de trigonom&#xE9;trie calcul&#xE9;es jusqu'a 100 m&#xE8;tres / </subfield>
    <subfield code="c">par MM. Henri Giroud et Lesbros.</subfield>
  </datafield>
  <datafield tag="260" ind1=" " ind2=" ">
    <subfield code="a">Grenoble : </subfield>
    <subfield code="b">chez Prudhomme libraire-&#xE9;diteur ; </subfield>
    <subfield code="a">Paris : </subfield>
    <subfield code="b">chez Bachelier libraire, </subfield>
    <subfield code="c">1829 (</subfield>
    <subfield code="e">Grenoble : </subfield>
    <subfield code="f">Imprimerie de C.-P. Baratier)</subfield>
  </datafield>
  <datafield tag="300" ind1=" " ind2=" ">
    <subfield code="a">150 p., [1] h. pleg. ; </subfield>
    <subfield code="c">22 cm.</subfield>
  </datafield>
  <datafield tag="650" ind1=" " ind2="7">
    <subfield code="a">Trigonometr&#xED;a</subfield>
    <subfield code="2">embne</subfield>
    <subfield code="9">17647</subfield>
  </datafield>
  <datafield tag="700" ind1="1" ind2=" ">
    <subfield code="a">Lesbros, Joseph Aim&#xE9;, </subfield>
    <subfield code="d">1790-1860</subfield>
    <subfield code="9">165488</subfield>
  </datafield>
  <datafield tag="852" ind1=" " ind2=" ">
    <subfield code="a">ES-MaACL</subfield>
    <subfield code="j">B-7982</subfield>
  </datafield>
  <datafield tag="999" ind1=" " ind2=" ">
    <subfield code="c">68855</subfield>
    <subfield code="d">68855</subfield>
  </datafield>
  <datafield tag="952" ind1=" " ind2=" ">
    <subfield code="0">0</subfield>
    <subfield code="1">0</subfield>
    <subfield code="4">0</subfield>
    <subfield code="7">0</subfield>
    <subfield code="8">LIBXIX</subfield>
    <subfield code="a">ATENEOM</subfield>
    <subfield code="b">ATENEOM</subfield>
    <subfield code="c">SPB</subfield>
    <subfield code="d">2008-01-17</subfield>
    <subfield code="e">SC</subfield>
    <subfield code="l">0</subfield>
    <subfield code="o">B-7982</subfield>
    <subfield code="p">1072103</subfield>
    <subfield code="r">2023-02-23 00:00:00</subfield>
    <subfield code="w">2023-02-23</subfield>
    <subfield code="y">MONANT</subfield>
  </datafield>
</record>
